[Event "Genesee County Open"]
[Site "Flint, MI"]
[Date "2003.07.26"]
[Round "3.2"]
[White "Aldrich, Jeff"]
[Black "Laurin, Edward"]
[Result "0-1"]
[WhiteElo "1916"]
[BlackElo "1787"]
[Annotator "Edward Laurin"]
[PlyCount "62"]
[EventDate "2003.07.26"]

1. d4 Nf6 2. c4 e6 3. Nc3 Bb4 4. Qc2 O-O 5. Nf3 d5 (5... c5 {is the main line,
the text gives White a slight advantage.}) 6. Bg5 Be7 7. e3 Nbd7 8. Bd3 h6 9.
h4 dxc4 10. Bxc4 Nb6 11. Bd3 Nfd5 12. a3 (12. Bxe7 Qxe7 13. Ne5 $14 {retains
White's advantage, the text loses it to Black.}) 12... f6 13. Bh7+ Kh8 14. Bxh6
gxh6 15. Qg6 Rg8 (15... Bd6 16. Qxh6 Qe7 $11) 16. Qxh6 Qf8 17. Qh5 Rg7 18. Bg6+
$2 {This allows Black to cover up and get away from the attack.} (18. Ng5 $1
Nxc3 19. bxc3 Nc4 20. Bf5+ Kg8 21. Bxe6+ Bxe6 22. Nxe6 $18) 18... Kg8 19. Ng5
f5 20. Nh7 $2 (20. Bh7+ Kh8 21. Bxf5+ Kg8 22. Bxe6+ Bxe6 23. Nxe6 $18) 20...
Nf6 21. Nxf8 Nxh5 22. Bxh5 Bxf8 23. g3 Bd7 24. Bf3 c6 25. Kd2 Rd8 26. Kc2 Be8
27. Rag1 Nd7 28. e4 Nf6 29. exf5 exf5 30. Ne2 Ng4 31. Rg2 Bf7 0-1

[Event "Motor City Open"]
[Site "Warren, MI"]
[Date "2022.12.01"]
[Round "6.25"]
[White "Richter, Jack"]
[Black "Vasos, John"]
[Result "1-0"]
[WhiteElo "1450"]
[BlackElo "1176"]
[PlyCount "77"]
[EventDate "2002.11.29"]

1. d4 d5 2. c4 e5 3. dxe5 dxc4 4. Qxd8+ Kxd8 5. e4 b5 6. Nf3 Bb7 7. Nc3 a6 8.
Be2 Bb4 9. O-O Bxc3 10. bxc3 Bxe4 11. Ng5 Bg6 12. Ba3 h6 13. Nh3 Bf5 14. g4 Be6
15. f4 Ne7 16. f5 Bd5 17. Rad1 c6 18. Bf3 f6 19. exf6 gxf6 20. Nf4 Rg8 21.
Bxe7+ Kxe7 22. Ng6+ Kd6 23. Rfe1 Nd7 24. Ne7 Ne5 25. Rxe5 Rxg4+ 26. Bxg4 fxe5
27. Ng6 Rg8 28. h4 Kc5 29. h5 Kd6 30. Kf2 e4 31. Ke3 Kc7 32. Kf4 Re8 33. Ne5
Kd6 34. Nf7+ Ke7 35. Ne5 Kf6 36. Nxc6 Bg8 37. Rd6+ Kf7 38. Ne5+ Ke7 39. Rd7+
1-0